[Event "18th HZ Open 2014"]
[Site "Vlissingen NED"]
[Date "2014.08.06"]
[Round "6.8"]
[White "Vishnu, P."]
[Black "Saravanan, V1."]
[Result "0-1"]
[WhiteElo "2469"]
[BlackElo "2320"]
[PlyCount "40"]
[EventDate "2014.08.02"]
[EventType "swiss"]
[EventRounds "9"]
[EventCountry "NED"]
[Source "Mark Crowther"]
[SourceDate "2014.08.11"]

1. e4 e6 2. d4 d5 3. Nc3 Nf6 4. e5 Nfd7 5. f4 c5 6. Nf3 Be7 7. Be3 b6 8. Be2
O-O 9. Qd2 Ba6 10. O-O Bxe2 11. Nxe2 Nc6 12. c4 dxc4 13. d5 exd5 14. Qxd5 Ndxe5
15. Nc3 Qxd5 16. Nxd5 Nd3 17. Ne5 Ndxe5 18. fxe5 Rae8 19. Bf4 Bd8 20. Rfe1 Re6
0-1

[Event "18th HZ Open 2014"]
[Site "Vlissingen NED"]
[Date "2014.08.06"]
[Round "6.9"]
[White "Verstraeten, R."]
[Black "Van Foreest, Jorden"]
[Result "1-0"]
[WhiteElo "2298"]
[BlackElo "2467"]
[PlyCount "147"]
[EventDate "2014.08.02"]
[EventType "swiss"]
[EventRounds "9"]
[EventCountry "NED"]
[Source "Mark Crowther"]
[SourceDate "2014.08.11"]

1. d4 Nf6 2. c4 g6 3. Nc3 Bg7 4. Nf3 O-O 5. g3 d6 6. Bg2 Nc6 7. O-O a6 8. Qd3
e5 9. dxe5 dxe5 10. Qxd8 Rxd8 11. Bg5 Be6 12. Nd2 h6 13. Bxf6 Bxf6 14. Nde4 Be7
15. Nd5 Bxd5 16. cxd5 Nb4 17. Nc3 c6 18. dxc6 Nxc6 19. Nd5 Bf8 20. Rfc1 Rd6 21.
Nb6 Rad8 22. Bxc6 bxc6 23. Nc4 Rd5 24. Rc2 a5 25. Rac1 a4 26. Nb6 Rd1+ 27. Rxd1
Rxd1+ 28. Kg2 Rd4 29. e3 Rb4 30. Nd7 Rb5 31. Rxc6 Kg7 32. Ra6 Rxb2 33. Rxa4 e4
34. Nxf8 Kxf8 35. g4 g5 36. Kg3 Kg7 37. h3 Kg6 38. Ra6+ f6 39. a4 Ra2 40. a5
Ra3 41. Ra8 Ra2 42. a6 Kg7 43. a7 Ra1 44. h4 Ra3 45. h5 Ra4 46. Kg2 Ra1 47. f3
Ra2+ 48. Kg3 exf3 49. Kxf3 Ra4 50. e4 Ra3+ 51. Ke2 Ra6 52. Kd3 Ra4 53. Ke3 Ra1
54. Kd4 Ra5 55. Kc4 Ra1 56. Kc5 Ra2 57. Kd6 Ra6+ 58. Ke7 Ra4 59. Rd8 Rxa7+ 60.
Ke6 Ra6+ 61. Rd6 Ra7 62. Rd7+ Rxd7 63. Kxd7 f5 64. exf5 Kf7 65. Kd6 Kf6 66. Kd5
Kf7 67. Ke5 Ke7 68. Kd5 Kf7 69. Kc6 Kg7 70. Kc7 Kg8 71. Kb6 Kg7 72. Kc6 Kg8 73.
Kd6 Kf7 74. Kd5 1-0

[Event "18th HZ Open 2014"]
[Site "Vlissingen NED"]
[Date "2014.08.06"]
[Round "6.10"]
[White "Ponizil, C."]
[Black "Afek, Y."]
[Result "1-0"]
[WhiteElo "2428"]
[BlackElo "2282"]
[PlyCount "141"]
[EventDate "2014.08.02"]
[EventType "swiss"]
[EventRounds "9"]
[EventCountry "NED"]
[Source "Mark Crowther"]
[SourceDate "2014.08.11"]

1. e4 c5 2. Nf3 Nc6 3. Nc3 g6 4. d4 cxd4 5. Nxd4 Bg7 6. Be3 Nf6 7. Bc4 O-O 8.
Bb3 a5 9. O-O d6 10. f3 Nxd4 11. Bxd4 Bd7 12. a4 Bc6 13. Qd2 Nd7 14. Bxg7 Kxg7
15. Kh1 Qb6 16. Bc4 Rac8 17. Bb5 Qc5 18. Rf2 Ne5 19. Re2 Qb4 20. b3 Bxb5 21.
Nxb5 Qxd2 22. Rxd2 Rc5 23. Re1 Rfc8 24. Ree2 Nc6 25. g3 Nb4 26. c4 Na6 27. Kg2
Nc7 28. Nc3 Kf8 29. f4 Ke8 30. Kf3 Rc6 31. g4 h6 32. Re3 Rb6 33. Nb5 Ra6 34. e5
dxe5 35. Rxe5 Nxb5 36. Rxb5 Rc7 37. h4 f6 38. h5 Kf7 39. hxg6+ Kxg6 40. Rd8 e6
41. Rg8+ Kf7 42. Rb8 Ra7 43. Rb6 Re7 44. f5 exf5 45. gxf5 h5 46. Rh8 Kg7 47.
Rxh5 Ra8 48. Re6 Rd7 49. Re4 Rd3+ 50. Ke2 Rg3 51. Re7+ Kg8 52. Re3 Rg2+ 53. Kf3
Rb2 54. Kf4 Rf2+ 55. Kg3 Rb2 56. Kh3 Ra7 57. Rg3+ Kf8 58. Rh6 Ke7 59. Re3+ Kf7
60. Rh7+ Kg8 61. Rd7 Kf8 62. Red3 Ra8 63. Rxb7 Re8 64. Rh7 Kg8 65. Rh4 Ree2 66.
Rg4+ Kh7 67. Rgg3 Kh6 68. Kg4 Re4+ 69. Kf3 Re5 70. Kf4 Rf2+ 71. Rdf3 1-0

[Event "18th HZ Open 2014"]
[Site "Vlissingen NED"]
[Date "2014.08.06"]
[Round "6.11"]
[White "Pucher, S."]
[Black "Leenhouts, K."]
[Result "1-0"]
[WhiteElo "2293"]
[BlackElo "2385"]
[PlyCount "89"]
[EventDate "2014.08.02"]
[EventType "swiss"]
[EventRounds "9"]
[EventCountry "NED"]
[Source "Mark Crowther"]
[SourceDate "2014.08.11"]

1. e4 e5 2. Nf3 Nc6 3. Bc4 Bc5 4. c3 Nf6 5. d3 O-O 6. b4 Be7 7. O-O d5 8. exd5
Nxd5 9. Re1 Nb6 10. Bb3 Bg4 11. h3 Bh5 12. g4 Bg6 13. b5 Na5 14. Nxe5 Nxb3 15.
axb3 Bd6 16. d4 Bxe5 17. Rxe5 Re8 18. Rxe8+ Qxe8 19. c4 f5 20. Be3 fxg4 21.
hxg4 Qd7 22. Nd2 Nc8 23. Qf3 Nd6 24. Qg3 h5 25. Bf4 Re8 26. Bxd6 cxd6 27. gxh5
Bxh5 28. d5 Qf5 29. Nf1 Qf6 30. Rc1 Re5 31. Qc3 Bf3 32. Ng3 Qf4 33. Re1 Rg5 34.
Re8+ Kf7 35. Qe1 Qg4 36. Qe7+ Kg6 37. Qe6+ Qxe6 38. Rxe6+ Kh7 39. Rxd6 Bd1 40.
b6 a5 41. c5 Bf3 42. c6 Rxd5 43. Rxd5 Bxd5 44. cxb7 Bxb7 45. Nf5 1-0

[Event "18th HZ Open 2014"]
[Site "Vlissingen NED"]
[Date "2014.08.06"]
[Round "6.12"]
[White "Bijlsma, N."]
[Black "Ten Hertog, H."]
[Result "1/2-1/2"]
[WhiteElo "2210"]
[BlackElo "2356"]
[PlyCount "76"]
[EventDate "2014.08.02"]
[EventType "swiss"]
[EventRounds "9"]
[EventCountry "NED"]
[Source "Mark Crowther"]
[SourceDate "2014.08.11"]

1. g3 c5 2. Bg2 Nc6 3. c4 g6 4. Nc3 Bg7 5. a3 d6 6. Nf3 e5 7. d3 f5 8. O-O Nf6
9. Rb1 a5 10. Ne1 O-O 11. Nc2 f4 12. b4 axb4 13. axb4 cxb4 14. Nxb4 Nd4 15. e3
Ne6 16. Nbd5 Nh5 17. Nb6 Ng5 18. Bd5+ Kh8 19. Nxa8 Bh3 20. Nb6 fxg3 21. hxg3
Nxg3 22. fxg3 Rxf1+ 23. Qxf1 Bxf1 24. Kxf1 Qf6+ 25. Ke2 e4 26. Nxe4 Qf3+ 27.
Kd2 Qg2+ 28. Kd1 Nf3 29. Bd2 Nxd2 30. Nxd2 Qxg3 31. Be4 Qxe3 32. Nd5 Qg1+ 33.
Kc2 Qf2 34. Rf1 Qd4 35. Rb1 Qa7 36. Rh1 Qa4+ 37. Kc1 Qa1+ 38. Kc2 Qa4+ 1/2-1/2

[Event "18th HZ Open 2014"]
[Site "Vlissingen NED"]
[Date "2014.08.06"]
[Round "6.13"]
[White "Sadikhov, U."]
[Black "Vedder, R."]
[Result "1/2-1/2"]
[WhiteElo "2335"]
[BlackElo "2277"]
[PlyCount "74"]
[EventDate "2014.08.02"]
[EventType "swiss"]
[EventRounds "9"]
[EventCountry "NED"]
[Source "Mark Crowther"]
[SourceDate "2014.08.11"]

1. e4 e5 2. Nf3 Nc6 3. Bc4 Nf6 4. d3 Be7 5. c3 O-O 6. Bb3 d6 7. Nbd2 Na5 8. Bc2
c5 9. Nf1 a6 10. Ng3 g6 11. O-O Re8 12. h3 Bf8 13. Re1 Bg7 14. d4 cxd4 15. cxd4
Nc6 16. Be3 exd4 17. Nxd4 d5 18. Nxc6 bxc6 19. Ba4 Bd7 20. Bg5 h6 21. Bxf6 Bxf6
22. Qd2 Rb8 23. Bb3 Be6 24. Rad1 Bg7 25. Qc2 Qb6 26. Rd3 Qa5 27. Rdd1 dxe4 28.
Rxe4 Bxb3 29. Rxe8+ Rxe8 30. Qxb3 Re1+ 31. Rxe1 Qxe1+ 32. Nf1 Bd4 33. Qc2 h5
34. b3 Kg7 35. Qd2 Qa1 36. g3 Bb2 37. a4 Bd4 1/2-1/2

[Event "18th HZ Open 2014"]
[Site "Vlissingen NED"]
[Date "2014.08.06"]
[Round "6.14"]
[White "Erwich, Frank"]
[Black "Roos, Ad"]
[Result "1-0"]
[WhiteElo "2328"]
[BlackElo "2211"]
[PlyCount "99"]
[EventDate "2014.08.02"]
[EventType "swiss"]
[EventRounds "9"]
[EventCountry "NED"]
[Source "Mark Crowther"]
[SourceDate "2014.08.11"]

1. e4 c5 2. Nf3 d6 3. Bb5+ Nd7 4. O-O a6 5. Bd3 Ngf6 6. Re1 Ne5 7. Nxe5 dxe5 8.
b3 Be6 9. Bb2 Nd7 10. a4 g6 11. Na3 Bh6 12. Bc4 Bxc4 13. Nxc4 O-O 14. a5 Qc7
15. Qg4 Rfe8 16. Qh4 Bg7 17. Re3 Bf6 18. Qg3 Rad8 19. Rd3 Bg7 20. Rf1 f6 21.
Qh4 Nf8 22. Rh3 Qc6 23. d3 Qe6 24. f4 exf4 25. Qxf4 Qc6 26. e5 f5 27. Qh4 Qe6
28. Bc3 Rd5 29. Nb6 Rxe5 30. Bxe5 Qxe5 31. Re1 Qd4+ 32. Kf1 Qxh4 33. Rxh4 Bc3
34. Re2 Bxa5 35. Na4 Nd7 36. d4 cxd4 37. Rxd4 Nf6 38. b4 Bc7 39. Nc5 Bxh2 40.
Nxb7 Nh5 41. Red2 Bc7 42. Rd7 Bb6 43. c4 Be3 44. R2d3 Ng3+ 45. Ke1 f4 46. c5 e5
47. c6 e4 48. Rxe3 fxe3 49. c7 Rf8 50. Rd8 1-0

[Event "18th HZ Open 2014"]
[Site "Vlissingen NED"]
[Date "2014.08.06"]
[Round "6.15"]
[White "Rebers, E."]
[Black "Ducarmon, Q."]
[Result "0-1"]
[WhiteElo "2240"]
[BlackElo "2479"]
[PlyCount "52"]
[EventDate "2014.08.02"]
[EventType "swiss"]
[EventRounds "9"]
[EventCountry "NED"]
[Source "Mark Crowther"]
[SourceDate "2014.08.11"]

1. d4 d5 2. Bf4 Nf6 3. e3 c5 4. c3 Nc6 5. Nd2 Qb6 6. Qb3 Bf5 7. dxc5 Qxb3 8.
axb3 e5 9. Bg3 Bxc5 10. b4 Bd6 11. b5 Ne7 12. Ngf3 Nd7 13. c4 f6 14. cxd5 Bb4
15. d6 Nc8 16. Ra4 Bxd6 17. e4 Ncb6 18. Ra1 Bg4 19. Bd3 Bb4 20. O-O Nc5 21. Bc2
Bd7 22. Nb3 Bxb5 23. Rfc1 Nca4 24. Nbd4 exd4 25. Nxd4 Bd7 26. Bxa4 Nxa4 0-1

[Event "18th HZ Open 2014"]
[Site "Vlissingen NED"]
[Date "2014.08.06"]
[Round "6.16"]
[White "Ratsma, Midas"]
[Black "Geirnaert, S."]
[Result "0-1"]
[WhiteElo "2171"]
[BlackElo "2419"]
[PlyCount "64"]
[EventDate "2014.08.02"]
[EventType "swiss"]
[EventRounds "9"]
[EventCountry "NED"]
[Source "Mark Crowther"]
[SourceDate "2014.08.11"]

1. d4 Nf6 2. c4 e6 3. g3 d5 4. Bg2 Be7 5. Nf3 O-O 6. O-O dxc4 7. Qc2 a6 8. Qxc4
b5 9. Qc2 Bb7 10. Nbd2 Nbd7 11. b3 c5 12. dxc5 Bxc5 13. Bb2 Rc8 14. Qd3 Qb6 15.
Rad1 Rfd8 16. Ng5 Ne5 17. Qb1 Neg4 18. Bxf6 Bxf2+ 19. Kh1 Nxf6 20. Rxf2 Qxf2
21. Bxb7 h6 22. Bxc8 hxg5 23. Bb7 Qxe2 24. Bf3 Qf2 25. Qc1 e5 26. Bg2 Qe2 27.
Bf3 Qd3 28. Qb1 Qe3 29. Qc2 e4 30. Bg2 Qe2 31. a4 Ng4 32. Rf1 Rxd2 0-1

[Event "18th HZ Open 2014"]
[Site "Vlissingen NED"]
[Date "2014.08.06"]
[Round "6.17"]
[White "Senders, Mischa"]
[Black "Hopman, P."]
[Result "1-0"]
[WhiteElo "2223"]
[BlackElo "2387"]
[PlyCount "89"]
[EventDate "2014.08.02"]
[EventType "swiss"]
[EventRounds "9"]
[EventCountry "NED"]
[Source "Mark Crowther"]
[SourceDate "2014.08.11"]

1. e4 d6 2. d4 Nf6 3. Nc3 e5 4. Nf3 Nbd7 5. Bc4 Be7 6. O-O O-O 7. Re1 c6 8. a4
b6 9. Ba2 a6 10. h3 Rb8 11. Be3 b5 12. axb5 axb5 13. b4 Bb7 14. Qd3 Qc7 15. Bb3
Ra8 16. Rxa8 Bxa8 17. Ra1 Qb8 18. d5 h6 19. Nh4 Rc8 20. Nf5 Bf8 21. Ra5 h5 22.
f3 g6 23. dxc6 Bxc6 24. Nh6+ Bxh6 25. Bxh6 Nb6 26. Bg5 Nh7 27. Be7 Nc4 28. Bxc4
Qb6+ 29. Kh2 bxc4 30. Qxd6 Qf2 31. b5 Bb7 32. Qd7 Qb6 33. Ra1 Nf8 34. Bxf8 Rxf8
35. Rd1 h4 36. Nd5 Bxd5 37. Qxd5 Qf2 38. Qxc4 Rb8 39. Qd3 Ra8 40. Qd5 Re8 41.
c4 Re6 42. c5 Kh7 43. c6 Rf6 44. Qd3 Qb6 45. Rc1 1-0

[Event "18th HZ Open 2014"]
[Site "Vlissingen NED"]
[Date "2014.08.06"]
[Round "6.18"]
[White "Boelhouwer, Collin"]
[Black "De Jong, M."]
[Result "0-1"]
[WhiteElo "2148"]
[BlackElo "2345"]
[PlyCount "76"]
[EventDate "2014.08.02"]
[EventType "swiss"]
[EventRounds "9"]
[EventCountry "NED"]
[Source "Mark Crowther"]
[SourceDate "2014.08.11"]

1. e4 e6 2. d4 d5 3. Nd2 c5 4. Ngf3 cxd4 5. exd5 Qxd5 6. Bc4 Qd6 7. O-O Nf6 8.
Re1 Nc6 9. Ne4 Qd8 10. a3 Be7 11. b4 a6 12. Bb2 b5 13. Bb3 Bb7 14. Ng3 Qc7 15.
Qe2 O-O 16. Nxd4 Nxd4 17. Bxd4 Qc6 18. f3 Rfd8 19. Qf2 Ng4 20. Qd2 Bf6 21. c3
e5 22. fxg4 exd4 23. Qa2 d3 24. Ne4 Bxc3 25. Nxc3 d2 26. Re2 Qxc3 27. Rd1 Qd4+
28. Rf2 Qe3 29. Bxf7+ Kh8 30. h3 Rac8 31. Qe6 Qxa3 32. Qe7 Bc6 33. Be6 Qe3 34.
Kf1 Bd5 35. Re2 Bxg2+ 36. Rxg2 Rf8+ 37. Qxf8+ Rxf8+ 38. Bf5 Qf3+ 0-1

[Event "18th HZ Open 2014"]
[Site "Vlissingen NED"]
[Date "2014.08.06"]
[Round "6.19"]
[White "Endress, A."]
[Black "Bezemer, A."]
[Result "1/2-1/2"]
[WhiteElo "2137"]
[BlackElo "2287"]
[PlyCount "39"]
[EventDate "2014.08.02"]
[EventType "swiss"]
[EventRounds "9"]
[EventCountry "NED"]
[Source "Mark Crowther"]
[SourceDate "2014.08.11"]

1. e4 c5 2. Nf3 d6 3. d4 cxd4 4. Nxd4 Nf6 5. Nc3 a6 6. Be2 e5 7. Nb3 Be7 8. Bg5
Be6 9. Bxf6 Bxf6 10. Qd3 O-O 11. O-O-O Qb6 12. Rhf1 Rd8 13. Nd2 Nc6 14. Nc4 Qc7
15. Nd5 Bxd5 16. Qxd5 Nd4 17. Bd3 b5 18. Ne3 Rac8 19. Kb1 Bg5 20. c3 1/2-1/2

[Event "18th HZ Open 2014"]
[Site "Vlissingen NED"]
[Date "2014.08.06"]
[Round "6.20"]
[White "Rosmuller, A."]
[Black "Zwirs, Nico"]
[Result "0-1"]
[WhiteElo "2104"]
[BlackElo "2284"]
[PlyCount "60"]
[EventDate "2014.08.02"]
[EventType "swiss"]
[EventRounds "9"]
[EventCountry "NED"]
[Source "Mark Crowther"]
[SourceDate "2014.08.11"]

1. d4 Nf6 2. c4 d6 3. Nc3 Nbd7 4. e4 e5 5. d5 g6 6. Be3 Bg7 7. f3 Nh5 8. Nge2
f5 9. Qd2 O-O 10. O-O-O fxe4 11. Nxe4 b5 12. c5 Nhf6 13. N2c3 b4 14. Nxf6+ Nxf6
15. Ne4 Nxe4 16. fxe4 Qh4 17. Bd3 dxc5 18. Bxc5 Bh6 19. Be3 Rf2 20. Bxh6 Rxd2
21. Bxd2 a5 22. g3 Qe7 23. Bh6 Bh3 24. Bc4 Kh8 25. Bf1 Bg4 26. Rd2 b3 27. a3 g5
28. h4 Bf3 29. d6 cxd6 30. Bg2 Bxg2 0-1

[Event "18th HZ Open 2014"]
[Site "Vlissingen NED"]
[Date "2014.08.06"]
[Round "6.21"]
[White "De Wolf, J."]
[Black "Mostertman, M."]
[Result "1-0"]
[WhiteElo "2104"]
[BlackElo "2284"]
[PlyCount "153"]
[EventDate "2014.08.02"]
[EventType "swiss"]
[EventRounds "9"]
[EventCountry "NED"]
[Source "Mark Crowther"]
[SourceDate "2014.08.11"]

1. d4 Nf6 2. Nf3 e6 3. c4 c5 4. Nc3 cxd4 5. Nxd4 a6 6. Nc2 Qc7 7. e4 b6 8. Be2
Bb7 9. f3 Bd6 10. Be3 Bxh2 11. Qd4 d5 12. Rxh2 Qxh2 13. Qxb6 Bc8 14. Qc5 Nbd7
15. Qc6 Qb8 16. Bc5 Bb7 17. Qa4 Qg3+ 18. Bf2 Qd6 19. c5 Qc7 20. Nb4 O-O 21. c6
Bc8 22. cxd7 Bxd7 23. Qa3 a5 24. Nd3 dxe4 25. Nxe4 Nxe4 26. fxe4 Qh2 27. Kf1 f5
28. e5 Bc6 29. Ne1 Qxe5 30. Qc3 Qd6 31. Nf3 Bxf3 32. Bxf3 Rac8 33. Qxa5 Rfd8
34. Rd1 Qb8 35. Rxd8+ Rxd8 36. Qc3 e5 37. Be2 e4 38. Bc4+ Kh8 39. Bd4 Qc7 40.
Be2 Qf7 41. Bc4 Qd7 42. Be3 Qd6 43. Qc1 h6 44. Bf4 Qd4 45. Be2 Kh7 46. Qc7 Rd5
47. Qc4 g5 48. Qxd4 Rxd4 49. Be5 Ra4 50. a3 Kg6 51. Bb5 Ra8 52. a4 Kf7 53. Bc3
Ke6 54. Bc4+ Kd6 55. a5 f4 56. a6 Kc5 57. b3 g4 58. g3 h5 59. Be1 h4 60. gxf4
g3 61. Kg2 Kd4 62. Ba5 Ke3 63. Bb6+ Kxf4 64. a7 h3+ 65. Kxh3 Kf3 66. Bd4 Rd8
67. Bf1 Kf4 68. Kg2 e3 69. Be2 Rc8 70. b4 Rc2 71. a8=Q Rxe2+ 72. Kf1 Rd2 73.
Qb8+ Ke4 74. Qe5+ Kd3 75. Qxe3+ Kc2 76. Qc3+ Kd1 77. Qxd2+ 1-0

[Event "18th HZ Open 2014"]
[Site "Vlissingen NED"]
[Date "2014.08.06"]
[Round "6.22"]
[White "Sanders, I."]
[Black "Timmermans, I."]
[Result "1-0"]
[WhiteElo "2282"]
[BlackElo "2203"]
[PlyCount "75"]
[EventDate "2014.08.02"]
[EventType "swiss"]
[EventRounds "9"]
[EventCountry "NED"]
[Source "Mark Crowther"]
[SourceDate "2014.08.11"]

1. Nf3 d5 2. g3 c6 3. Bg2 Bg4 4. d4 Nf6 5. O-O Nbd7 6. Nbd2 e6 7. Re1 Be7 8. e4
O-O 9. c3 Rc8 10. h3 Bh5 11. e5 Ne8 12. Nb3 Nc7 13. g4 Bg6 14. Bf4 c5 15. Bg3
Na6 16. Qe2 cxd4 17. Nfxd4 Nac5 18. f4 Bh4 19. Bxh4 Qxh4 20. Nxc5 Nxc5 21. f5
exf5 22. gxf5 Bh5 23. Qe3 Rcd8 24. Rf1 Rfe8 25. Rae1 Ne4 26. Rf4 Qe7 27. Rxe4
dxe4 28. Qxe4 Qc5 29. Kh1 b6 30. Qf4 Qc4 31. Qg5 g6 32. e6 Qd3 33. e7 Rxd4 34.
cxd4 Bf3 35. f6 Bxg2+ 36. Qxg2 h6 37. d5 Qd4 38. Qf3 1-0

[Event "18th HZ Open 2014"]
[Site "Vlissingen NED"]
[Date "2014.08.06"]
[Round "6.23"]
[White "Kevlishvili, Robby"]
[Black "Stange, S."]
[Result "1-0"]
[WhiteElo "2277"]
[BlackElo "2137"]
[PlyCount "87"]
[EventDate "2014.08.02"]
[EventType "swiss"]
[EventRounds "9"]
[EventCountry "NED"]
[Source "Mark Crowther"]
[SourceDate "2014.08.11"]

1. e4 e5 2. Nf3 Nf6 3. Nxe5 d6 4. Nf3 Nxe4 5. Nc3 Nxc3 6. dxc3 Be7 7. Be3 Nc6
8. Qd2 Be6 9. O-O-O Qd7 10. h4 Bf6 11. Kb1 O-O-O 12. Nd4 Nxd4 13. Bxd4 Be5 14.
Qe3 Qa4 15. b3 Qa5 16. Be2 Rhe8 17. Bf3 Bxd4 18. Qxd4 f6 19. Rhe1 Bd7 20. Qc4
Re5 21. Rxe5 Qxe5 22. Qb4 Bc6 23. Bxc6 bxc6 24. Qc4 Kd7 25. Rd3 Qe6 26. Qd4 Re8
27. Re3 Qf7 28. Qxa7 Re5 29. Qd4 Rd5 30. Qg4+ f5 31. Qe2 f4 32. Qg4+ Kd8 33.
Re4 Rf5 34. Ra4 g6 35. Ra8+ Kd7 36. Qe2 f3 37. gxf3 Rc5 38. Qa6 Ke7 39. Qc8 Kf6
40. Qh8+ Ke7 41. Rc8 Ke6 42. Rf8 Qd7 43. Qf6+ Kd5 44. c4+ 1-0

[Event "18th HZ Open 2014"]
[Site "Vlissingen NED"]
[Date "2014.08.06"]
[Round "6.24"]
[White "Hoogland, M."]
[Black "Raghavi, N."]
[Result "1/2-1/2"]
[WhiteElo "2020"]
[BlackElo "2275"]
[PlyCount "115"]
[EventDate "2014.08.02"]
[EventType "swiss"]
[EventRounds "9"]
[EventCountry "NED"]
[Source "Mark Crowther"]
[SourceDate "2014.08.11"]

1. d4 Nf6 2. c4 e6 3. Nf3 b6 4. g3 Ba6 5. b3 Bb4+ 6. Bd2 c5 7. Bg2 Bb7 8. Bxb4
cxb4 9. a3 Na6 10. O-O O-O 11. axb4 Nxb4 12. Nc3 Qe7 13. Qd2 d5 14. Ne5 Rfd8
15. Rfe1 dxc4 16. Bxb7 Qxb7 17. bxc4 Nc6 18. Nxc6 Qxc6 19. Qd3 Rac8 20. Ra4 Rd7
21. Rea1 a5 22. Nb5 h5 23. h4 Ng4 24. Qf3 Qxf3 25. exf3 Nf6 26. Rc1 Nd5 27. Kf1
Nc7 28. Na7 Ra8 29. Nc6 Rd6 30. Ne7+ Kf8 31. c5 bxc5 32. Rxc5 Kxe7 33. Rxc7+
Rd7 34. Rc5 Rd5 35. Rc7+ Kf6 36. f4 g6 37. Ke2 Rb5 38. Kf3 Rb4 39. Rxb4 axb4
40. Rb7 Ra3+ 41. Ke4 Rb3 42. Rb6 Kg7 43. d5 exd5+ 44. Kxd5 Rb2 45. f5 gxf5 46.
Ke5 f6+ 47. Kxf5 Rxf2+ 48. Ke4 Rb2 49. Kf5 b3 50. Rb7+ Kh6 51. Kxf6 Rf2+ 52.
Ke5 Rf3 53. Rb6+ Kg7 54. Rb7+ Kf8 55. Ke4 Rxg3 56. Kf4 Rg4+ 57. Kf5 Rxh4 58.
Rxb3 1/2-1/2

[Event "18th HZ Open 2014"]
[Site "Vlissingen NED"]
[Date "2014.08.06"]
[Round "6.25"]
[White "Dardha, A."]
[Black "Ducarmon, R."]
[Result "1-0"]
[WhiteElo "2272"]
[BlackElo "2099"]
[PlyCount "53"]
[EventDate "2014.08.02"]
[EventType "swiss"]
[EventRounds "9"]
[EventCountry "NED"]
[Source "Mark Crowther"]
[SourceDate "2014.08.11"]

1. c4 Nf6 2. Nc3 g6 3. e4 d6 4. d4 Bg7 5. Nf3 O-O 6. Be2 e5 7. dxe5 dxe5 8.
Qxd8 Rxd8 9. Bg5 Re8 10. Nd5 Nxd5 11. cxd5 c6 12. Bc4 cxd5 13. Bxd5 Nd7 14. Rc1
Nb6 15. Bb3 Be6 16. Bxe6 Rxe6 17. Rc7 Rc6 18. Rxc6 bxc6 19. Ke2 Na4 20. Rc1
Nxb2 21. Rxc6 Rb8 22. Bc1 h6 23. Rc7 Rb4 24. Kd2 a5 25. Rc5 a4 26. a3 Rb8 27.
Rc2 1-0

[Event "18th HZ Open 2014"]
[Site "Vlissingen NED"]
[Date "2014.08.06"]
[Round "6.26"]
[White "Haak, E."]
[Black "Linster, P."]
[Result "1/2-1/2"]
[WhiteElo "2092"]
[BlackElo "2269"]
[PlyCount "57"]
[EventDate "2014.08.02"]
[EventType "swiss"]
[EventRounds "9"]
[EventCountry "NED"]
[Source "Mark Crowther"]
[SourceDate "2014.08.11"]

1. d4 Nf6 2. c4 e6 3. Nf3 b6 4. g3 Bb4+ 5. Bd2 Be7 6. Bg2 c6 7. O-O O-O 8. Qc2
d5 9. b3 Nbd7 10. Bf4 Ba6 11. Nbd2 Rc8 12. e4 c5 13. exd5 exd5 14. Rfe1 cxd4
15. Nxd4 Bc5 16. Qb2 Nh5 17. Nf5 Ndf6 18. Be3 dxc4 19. Nxc4 Bxc4 20. bxc4 Qd3
21. Bxc5 Rxc5 22. Ne3 h6 23. Rad1 Qg6 24. Rd6 Re8 25. Red1 Qg5 26. Qd4 Qe5 27.
Bc6 Re6 28. Rd8+ Kh7 29. Bf3 1/2-1/2

[Event "18th HZ Open 2014"]
[Site "Vlissingen NED"]
[Date "2014.08.06"]
[Round "6.28"]
[White "Colijn, S."]
[Black "Goossens, R."]
[Result "1/2-1/2"]
[WhiteElo "2254"]
[BlackElo "2093"]
[PlyCount "65"]
[EventDate "2014.08.02"]
[EventType "swiss"]
[EventRounds "9"]
[EventCountry "NED"]
[Source "Mark Crowther"]
[SourceDate "2014.08.11"]

1. d4 Nf6 2. c4 g6 3. Nc3 d5 4. cxd5 Nxd5 5. e4 Nxc3 6. bxc3 Bg7 7. Bc4 c5 8.
Ne2 O-O 9. O-O Nc6 10. Be3 Bd7 11. Rb1 Rc8 12. Bd3 Qc7 13. Qb3 Na5 14. Qa3 Rfd8
15. d5 b6 16. Bf4 Be5 17. Bxe5 Qxe5 18. f4 Qd6 19. c4 e5 20. Qc3 f6 21. fxe5
fxe5 22. Rf2 Rf8 23. Rbf1 Rxf2 24. Rxf2 Rf8 25. Rxf8+ Kxf8 26. Nc1 Qf6 27. Be2
Qf4 28. Bf3 Bg4 29. Nb3 Bxf3 30. gxf3 Nb7 31. Nc1 Nd6 32. Ne2 Qg5+ 33. Kf2
1/2-1/2

[Event "18th HZ Open 2014"]
[Site "Vlissingen NED"]
[Date "2014.08.06"]
[Round "6.29"]
[White "Pruijssers, R."]
[Black "Voege, Tobias"]
[Result "1-0"]
[WhiteElo "2517"]
[BlackElo "1990"]
[PlyCount "119"]
[EventDate "2014.08.02"]
[EventType "swiss"]
[EventRounds "9"]
[EventCountry "NED"]
[Source "Mark Crowther"]
[SourceDate "2014.08.11"]

1. e4 c5 2. Nf3 Nc6 3. Nc3 g6 4. Bb5 Bg7 5. O-O Nd4 6. Nxd4 cxd4 7. Ne2 a6 8.
Ba4 b5 9. Bb3 Bb7 10. d3 d5 11. f3 Nf6 12. Qe1 Nd7 13. Nf4 Nb6 14. Bd2 e5 15.
Nxd5 Nxd5 16. exd5 O-O 17. Ba5 Qd7 18. d6 Rfe8 19. Bc7 Bf8 20. f4 exf4 21. Qh4
f3 22. Qf4 Re2 23. Rxf3 Bxf3 24. Qxf3 Rae8 25. Rf1 R8e6 26. Bxe6 Rxe6 27. Qa8
Kg7 28. Qd5 Kg8 29. Qxd4 Bxd6 30. Bxd6 Rxd6 31. Qf2 Rd5 32. Re1 Rf5 33. Qe3 Kg7
34. a3 Qd6 35. b4 Rd5 36. Rf1 Re5 37. Qf4 Qb6+ 38. Qf2 Qe6 39. h3 Kg8 40. Qd4
Rd5 41. Qc3 Rg5 42. Re1 Qd7 43. Qf6 Rf5 44. Qxa6 Qd4+ 45. Kh1 Qf2 46. Qc8+ Kg7
47. Qc3+ Kh6 48. Rd1 Qg3 49. Qc6 Rf2 50. Rg1 f5 51. Qxb5 Rxc2 52. Qe8 Rf2 53.
Qf8+ Kh5 54. Qg7 h6 55. b5 f4 56. Qe5+ Kh4 57. b6 Qxd3 58. b7 f3 59. Qf4+ Kh5
60. Qg4# 1-0

[Event "18th HZ Open 2014"]
[Site "Vlissingen NED"]
[Date "2014.08.06"]
[Round "6.30"]
[White "Taddei, B."]
[Black "Ritsema, R."]
[Result "1-0"]
[WhiteElo "2348"]
[BlackElo "2012"]
[PlyCount "63"]
[EventDate "2014.08.02"]
[EventType "swiss"]
[EventRounds "9"]
[EventCountry "NED"]
[Source "Mark Crowther"]
[SourceDate "2014.08.11"]

1. e4 e6 2. d4 d5 3. Nc3 Bb4 4. e5 c5 5. a3 Bxc3+ 6. bxc3 Qa5 7. Bd2 Qa4 8. Qb1
c4 9. h4 Nc6 10. h5 h6 11. g3 Nge7 12. Bh3 Bd7 13. Ne2 O-O-O 14. Nf4 Kb8 15.
O-O Nc8 16. Kh2 Nb6 17. Ng2 Qa5 18. Qe1 Na4 19. f4 g6 20. g4 Rdf8 21. Ne3 Bc8
22. f5 g5 23. Bg2 Ka8 24. Rb1 Kb8 25. Nxc4 dxc4 26. Bxc6 Nb6 27. Bg2 Qxa3 28.
Ra1 Qe7 29. Bc1 Qd7 30. Ba3 Re8 31. Bd6+ Ka8 32. Qb1 1-0

[Event "18th HZ Open 2014"]
[Site "Vlissingen NED"]
[Date "2014.08.06"]
[Round "6.31"]
[White "Karssen, H."]
[Black "Beerdsen, Thomas"]
[Result "0-1"]
[WhiteElo "2054"]
[BlackElo "2282"]
[PlyCount "62"]
[EventDate "2014.08.02"]
[EventType "swiss"]
[EventRounds "9"]
[EventCountry "NED"]
[Source "Mark Crowther"]
[SourceDate "2014.08.11"]

1. d3 d5 2. f4 Nf6 3. Nf3 c5 4. g3 g6 5. Bg2 Bg7 6. O-O Nc6 7. c3 O-O 8. Qe1 b6
9. e4 dxe4 10. dxe4 e5 11. f5 Qc7 12. Nh4 Ne7 13. Na3 Ba6 14. c4 Rad8 15. b3
Nc6 16. Bg5 Nd4 17. g4 Rd6 18. Bf3 Nxf3+ 19. Rxf3 Nxg4 20. Qg3 Nf6 21. Bxf6
Rxf6 22. Rd1 Rd8 23. Rfd3 Rfd6 24. Ng2 Rxd3 25. Rxd3 Rd4 26. Nc2 Rxe4 27. Nge3
Bb7 28. Qh3 Qc8 29. Qf1 Rf4 30. Qd1 Bf6 31. Rd6 Bg5 0-1